Advertisement Management (Record no. 16415)

MARC details
000 -LEADER
fixed length control field 00479nam a22001817a 4500
008 - FIXED-LENGTH DATA ELEMENTS--GENERAL INFORMATION
fixed length control field 260422b |||||||| |||| 00| 0 eng d
020 ## - INTERNATIONAL STANDARD BOOK NUMBER
International Standard Book Number 9789355406408
Price 175.00
040 ## - CATALOGING SOURCE
Original Cataloguing agency Sibsagar Commerce College Central Library
041 ## - LANGUAGE CODE
Language code of text/sound track or separate title English
082 ## - DEWEY DECIMAL CLASSIFICATION NUMBER
Classification number 659.1
Book Number ARO
100 ## - MAIN ENTRY--PERSONAL NAME
Personal name Arora, Sarita.
Dates associated with a name Ahuja, Prerna
245 ## - TITLE STATEMENT
Title Advertisement Management
Statement of responsibility, etc. By Sarita Arora.
260 ## - PUBLICATION, DISTRIBUTION, ETC.
Place of publication, distribution, etc. New Delhi:
Name of publisher, distributor, etc. Kalyani Publishers;
Date of publication, distribution, etc. 2024.
300 ## - PHYSICAL DESCRIPTION
Pages 200p.
650 ## - Subject
Subject Management
942 ## - ADDED ENTRY ELEMENTS (KOHA)
Source of classification or shelving scheme Dewey Decimal Classification
Koha item type Books
Holdings
Withdrawn status Lost status Source of classification or shelving scheme Damaged status Not for loan Collection code Home library Current library Shelving location Date acquired Source of acquisition Total Checkouts Full call number Barcode Date last seen Copy number Cost, replacement price Price effective from Koha item type
    Dewey Decimal Classification     Management Sibsagar Commerce College Central Library Sibsagar Commerce College Central Library General Stacks 22/04/2026 Kitap Ghar   659.1 ARO 29439 22/04/2026 1 350.00 22/04/2026 Books
    Dewey Decimal Classification     Management Sibsagar Commerce College Central Library Sibsagar Commerce College Central Library General Stacks 22/04/2026 Kitap Ghar   659.1 ARO 29440 22/04/2026 2 350.00 22/04/2026 Books
    Dewey Decimal Classification     Management Sibsagar Commerce College Central Library Sibsagar Commerce College Central Library General Stacks 22/04/2026 Kitap Ghar   659.1 ARO 29441 22/04/2026 3 350.00 22/04/2026 Books
    Dewey Decimal Classification     Management Sibsagar Commerce College Central Library Sibsagar Commerce College Central Library General Stacks 22/04/2026 Kitap Ghar   659.1 ARO 29442 22/04/2026 4 350.00 22/04/2026 Books


Sibsagar Commerce College © 2020. All rights reserved.
Powered by Koha.
Hosted by LIBKART.